000 00824nas a2200277 4500
001 BR7908521
003 BR-BrBNA
005 20231205084036.0
007 ta
008 230509b bl.|||p| |||| 00| 00por d
040 _aBR-BrBNA
_bpor
_cBiblioteca Nacional de Agricultura
041 _a(Pt)
072 _aF70
100 1 _aCarriel, J.M.
100 1 _aPedreira, J.V.S.
100 1 _aMattos, H.B. de
245 1 _aEstimativa da ocorrencia dos principais capins no Estado de Sao Paulo [Brasil]
650 _aCAPIM COLONIAO
650 _aCAPIM JARAGUA
650 _aCAPIM GORDURA
650 _aCAPIM PANGOLA
650 _aDISTRIBUICAO GEOGRAFICA
773 0 _tZootecnia (Brazil)
_xISSN 0044-5320
_g(Jan-Mar 1979), v. 17(1) p. 5-25
_wBR7908521
909 _a202311
_bLúcia
_c55
_dLúcia Elande
942 _2AGRIS
_n0
_cANA
999 _c102749
_d102749